00241nam a2200097Ia 4500100001900000654002800019245003200047260004400079300000800123546001200131 aFeibel Werner  aTurbo pascal handbook 7 aTurbo pascal 7 : Handbook bObsorne/ McGraw - HillaNew Delhic1998 a456 aENGLISH